zpět

Detail výsledku týmu

Infinity c&c bar, Zlín

Datum a čas kvízu

26.5 Celkem bodů Celkový počet nahraných bodů na tomto kvízu bez doplňovacích otázek.
8. Pořadí na kvízu Konečné umístění týmu na tomto kvízu.

Zaznamenané odpovědi

# Otázka Odpověď Body Výsledky
1. Kterého spisovatele parafrázov... Vítězslava Nezvala 0
2. Ve které zemi se 1. 1. 2023 za... v Chorvatsku 1
3. Svět módy přišel koncem minulé... Vivienne Westwood 0
4. Na internetové aukční síni eBa... mince s portrétem krále Karla III. 0
5. Čeští hokejisté na MS juniorů... 5:2 0
6. V tomto tématu budete hledat d... Bodie a Doyle 1
7. Ve světě Azeroth, jak byl před... orkové 0
8. Nedaleko hradu Točníku se nach... Žebrák 1
9. Při stavbě zdi se cihlám klade... běhouny 0
10. Předloktí je tvořeno dvěma dlo... vřetenní 1